| 000 | 00616nam a2200217 a 4500 | ||
|---|---|---|---|
| 001 | 3335036 | ||
| 005 | 20180103034907.0 | ||
| 008 | 851209s1986 ilua b 001 0 eng | ||
| 010 | _a 85073806 | ||
| 020 | _a0256033927 | ||
| 040 |
_aDLC _cDLC _dDLC |
||
| 041 | _aeng | ||
| 080 | _a350.72 MIK | ||
| 082 | 0 | 0 |
_a350.72 MIK _219 |
| 100 | 1 | _a55 | |
| 101 | _aTAK | ||
| 245 | 1 | 0 |
_aFiscal administration : _cJohn L. Mikesell. |
| 504 | _aIncludes bibliographical references and index. | ||
| 906 |
_a7 _bcbc _corignew _d3 _eopcn _f19 _gy-gencatlg |
||
| 942 |
_2ddc _cBK |
||
| 999 |
_c39598 _d39598 |
||